000
00276nam a22001337a 4500
020
_a
81-7436-270-3
082
_a
827
_b
SET/S
100
_a
SETHY, SUHEL
245
_a
SHOCK AND AW!
260
_a
NOIDA
_b
ROLI BOOKS
_c
2003
300
_a
95
650
_a
JOKES
_z
INDIA
942
_c
BK
999
_c
5692
_d
5692